header

Global modernization (Record no. 129676)

MARC details
000 -LEADER
fixed length control field 01416nam a2200349Ia 4500
100 1# - MAIN ENTRY--AUTHOR NAME
Personal name Martinelli, Alberto.
245 10 - TITLE STATEMENT
Title Global modernization
260 ## - PUBLICATION, DISTRIBUTION, ETC. (IMPRINT)
Place of publication Thousand Oaks ;
-- London :
Name of publisher SAGE,
Year of publication 2005.
300 ## - PHYSICAL DESCRIPTION
Number of Pages 158 p.
490 1# - SERIES STATEMENT
Series statement Sage studies in international sociology
650 #0 - SUBJECT ADDED ENTRY--TOPICAL TERM
Topical Term Progress
Topical Term Civilization, Modern
Topical Term Globalization
Topical Term Postmodernism
856 40 - ELECTRONIC LOCATION AND ACCESS
Uniform Resource Identifier http://site.ebrary.com/lib/rucke/Doc?id=10218316

No items available.

© 2026 Rongo University
Contact us: librarian | system librarian | Rongo university